000 00701nam a22002297a 4500
001 00543
003 DO-SdBNP
005 20180126111633.0
007 00543
008 160615b es 1976||||| |||| 00| 0 spa d
020 _a8470201700
040 _aBPMSU
_bspa
_cBPMSU
092 _axxxxxxxxx
_bxxxxxxxxx
100 1 _aVan de Spijker, A. M. J. M.
245 _aHomotropia :
_binclinación hacia el mismo sexo /
_c A. M. J. M., Van de Spijker ; traductor Antonio Caparrós
260 _aEspaña :
_bSociedad de educación Atenas,
_c1976.
300 _a121 p. :
_c18 cm.
700 1 _aCaparrós, Antonio
_etrad.
942 _2ddc
_cBK
945 _aInventariado, 2018 / YL
956 _aBTAVÁREZ
_b10
_cBPMSU
999 _c10396
_d10396